00469nam a22001577a 4500003001200000005001700012008004100029020001500070040001200085082001600097100002800113245007000141260006200211300001300273650002500286NUST - PNEC20170116181205.0160308b xxu||||| |||| 00| 0 eng d a8120308425 cLIBRARY a629.892 KLA a Klafter, Richard David a Robotic engineering : an integrated approachcRichard D. Klafter aNew DelhibPrentice Hall of India Private Limitedcc.2001 a744 p. : aRoboticsxMS Control